00456cam a2200181ua 45000010005000000080039000050200018000440400009000620410008000710820010000791000031000892450057001202500012001772600042001893000010002316530018002416530015002599735160812n ii |||gr||||Z||||||asm a9789381710180 cMAIN aasm a305.8 aRajkhowa, Ajanta,eAuthor. aTai khamyang samaj aru sanskriticby Ajanta Rajkhowa a1st ed. aGuwahati:bBanphool prakashan,c2013. a120p. aSocial groups aTai people